Le Coq-sur-Mer - Choix multiples - Statistiques

Statistiques générales
  • Ce quiz a été pris 5 fois
  • Le résultat moyen est 5 sur 10
Statistiques - réponses
Question Réponse % Correct
Le tram de la côte belge suit la plus longue ligne de tram du monde. Parmi les stations de tram suivantes, toutes de la côte belge, pouvez-vous repérer celle du Coq ?
80%
Reconnaissez-vous un aspect du Coq sur l'une de ces photographies ?
80%
Quel moyen de locomotion aujourd'hui désuet est représenté par une statue à côté de la station de tram du Coq mais apparaît lors du festival Trammelant de la ville ? Un grand bi
80%
Dans quelle province belge se situe Le Coq ? La Flandre occidentale
60%
Quel scientifique séjourna pendant six mois au Coq en 1933 avant de repartir pour l'Amérique via l'Angleterre ? Albert Einstein
40%
Quel artiste peintre belge rencontra le scientifique précédent (réponse #3) à l'hôtellerie du Coeur Volant du Coq, le 2 août 1933 ? James Ensor
40%
Quelle ville située à douze kilomètres du Coq est célèbre pour son Kursaal, sa salle de spectacles où le scientifique précédent a fait un concert de violon pendant son séjour au Coq ? Ostende
40%
Quelle sainte, mère de saint Augustin, est la sainte patronne du Coq et donne son nom l'église de la station ? Sainte Monique
40%
Quelle ville balnéaire aquitaine servit de modèle de construction pour une centaine de villas de style anglo-normand au Coq au temps du roi Léopold II ? Arcachon
20%
Qui était la dernière impératrice des Habsbourg d'Autriche qui a séjourné à Wenduine, qui est aujourd'hui une section de la commune du Coq ? Zita
20%
Aucun quiz correspondant
Distribution des résultats
% des personnes avec chaque résultat
Percentile par nombre de réponses
Votre historique - résultats
Vous n’avez pas pris ce quiz